UM Logo

An isolated high step-up converter based on the active secondary-side quasi-resonant loops / (Record no. 18882)

MARC details
000 -LEADER
fixed length control field 01021nam a22002537a 4500
003 - CONTROL NUMBER IDENTIFIER
control field OSt
005 - DATE AND TIME OF LATEST TRANSACTION
control field 20251017195812.0
008 - FIXED-LENGTH DATA ELEMENTS--GENERAL INFORMATION
fixed length control field 240202b ||||| |||| 00| 0 eng d
040 ## - CATALOGING SOURCE
Transcribing agency 0
082 ## - DEWEY DECIMAL CLASSIFICATION NUMBER
Classification number DPer 621.317 Ie21 January 2022 v. 37 n. 1
100 ## - MAIN ENTRY--PERSONAL NAME
Personal name Jia, Pengyu.
Relator term author.
9 (RLIN) 51235
245 ## - TITLE STATEMENT
Title An isolated high step-up converter based on the active secondary-side quasi-resonant loops /
Statement of responsibility, etc. Pengyu Jia, Zhe Su, Tiancong Shao, and Yang Mei.
260 ## - PUBLICATION, DISTRIBUTION, ETC. (IMPRINT)
Place of publication, distribution, etc. New York ;
Name of publisher, distributor, etc. The Institute of Electrical and Electronics Engineers, Inc. ,
Date of publication, distribution, etc. January 2022.
300 ## - PHYSICAL DESCRIPTION
Extent Volume 37, pages 659-673 :
Other physical details illustration ;
Dimensions 28 cm.
500 ## - GENERAL NOTE
General note IEEE Transactions on Power Electronic, v. 37 n. 1, pages 659-673, January 2022.
650 #0 - SUBJECT ADDED ENTRY--TOPICAL TERM
Topical term or geographic name as entry element Capacitors.
9 (RLIN) 65717
650 #0 - SUBJECT ADDED ENTRY--TOPICAL TERM
Topical term or geographic name as entry element DC–DC power converter.
9 (RLIN) 65730
650 #0 - SUBJECT ADDED ENTRY--TOPICAL TERM
Topical term or geographic name as entry element Switches.
9 (RLIN) 65864
700 ## - ADDED ENTRY--PERSONAL NAME
Personal name Jia, Pengyu.
Relator term author.
9 (RLIN) 51235
700 ## - ADDED ENTRY--PERSONAL NAME
Personal name Su, Zhe.
Relator term author.
9 (RLIN) 51236
700 ## - ADDED ENTRY--PERSONAL NAME
Personal name Shao, Tiancong.
Relator term author.
9 (RLIN) 51237
700 ## - ADDED ENTRY--PERSONAL NAME
Personal name Mei, Yang.
Relator term author.
9 (RLIN) 51238
942 ## - ADDED ENTRY ELEMENTS (KOHA)
Source of classification or shelving scheme Dewey Decimal Classification
Koha item type Periodicals
Holdings
Withdrawn status Lost status Source of classification or shelving scheme Damaged status Not for loan Collection code Home library Current library Date acquired Total Checkouts Full call number Date last seen Price effective from Koha item type Public note
    Dewey Decimal Classification     Periodicals UM Digos College - LIC UM Digos College - LIC 02/02/2024   DPer 621.317 Ie21 January 2022 v. 37 n. 1 02/02/2024 02/02/2024 Periodicals Periodical Article